|
|
|
|
| LEADER |
00654nab a2200145 i 4500 |
| 001 |
delm50665 |
| 005 |
20180927134821.0 |
| 008 |
180927s1940 hu o 0|| hun d |
| 040 |
|
|
|a SZTE Délmagyarország Archívum
|b hun
|
| 041 |
|
|
|a hun
|
| 245 |
0 |
2 |
|a A szélsőségek súlyos bukása az ipartestületi választáson
|h [elektronikus dokumentum] :
|b az iparosegység fölényes győzelmet aratott, a nyilasok egyetlen jelöltje sem került az ipartestület vezetőségébe : háromszáz szótöbbséggel ismét Rainer Ferencet választották elnökké
|
| 260 |
|
|
|c 1940-05-07
|
| 300 |
|
|
|a 3
|
| 490 |
0 |
|
|a Délmagyarország
|v 16 No. 102
|
| 695 |
|
|
|a Rainer Ferenc, Ipartestület
|